MARC details
| 000 -CABECERA |
| campo de control de longitud fija |
00946cam a2200253 a 4500 |
| 001 - NÚMERO DE CONTROL |
| campo de control |
000014957 |
| 005 - FECHA Y HORA DE LA ÚLTIMA TRANSACCIÓN |
| campo de control |
20200929163929.0 |
| 008 - DATOS DE LONGITUD FIJA--INFORMACIÓN GENERAL |
| campo de control de longitud fija |
841023s1985 ilua b 001 0 eng |
| 020 ## - NÚMERO INTERNACIONAL ESTÁNDAR DEL LIBRO |
| Número Internacional Estándar del Libro |
0256031428 |
| 040 ## - FUENTE DE LA CATALOGACIÓN |
| Centro catalogador/agencia de origen |
DO-SdBNP |
| Lengua de catalogación |
eng |
| Centro/agencia transcriptor |
LC |
| Centro/agencia modificador |
BNPHU |
| 050 00 - SIGNATURA TOPOGRÁFICA DE LA BIBLIOTECA DEL CONGRESO |
| Número de clasificación |
HD58.7 |
| Número de documento/Ítem |
.S285 1985 |
| 082 ## - NÚMERO DE LA CLASIFICACIÓN DECIMAL DEWEY |
| Número de clasificación |
302.3/5 |
| Número de documento/Ítem |
S253c |
| 049 ## - FONDOS LOCALES (OCLC) |
| Fondos de biblioteca |
BNGR |
| 100 1# - ENTRADA PRINCIPAL--NOMBRE DE PERSONA |
| Nombre de persona |
Sathe, Vijay. |
| 9 (RLIN) |
33849 |
| 245 10 - MENCIÓN DE TÍTULO |
| Título |
Culture and related corporate realities : |
| Resto del título |
text, cases, and readings on organizational entry, establishment, and change / |
| Mención de responsabilidad, etc. |
Vijay Sathe. |
| 260 ## - PUBLICACIÓN, DISTRIBUCIÓN, ETC. |
| Lugar de publicación, distribución, etc. |
Homewood, Illinois : |
| Nombre del editor, distribuidor, etc. |
Richard D. Irwin, |
| Fecha de publicación, distribución, etc. |
1985. |
| 300 ## - DESCRIPCIÓN FÍSICA |
| Extensión |
xvi, 579 p. : |
| Otras características físicas |
il. ; |
| Dimensiones |
26 cm. |
| 490 14 - MENCIÓN DE SERIE |
| Mención de serie |
The Irwin series in management and the behavioral sciences |
| 504 ## - NOTA DE BIBLIOGRAFÍA, ETC. |
| Nota de bibliografía, etc. |
Bibliografía: p. 558-565. |
| 650 #0 - PUNTO DE ACCESO ADICIONAL DE MATERIA--TÉRMINO DE MATERIA |
| Término de materia o nombre geográfico como elemento de entrada |
Organizational behavior. |
| 9 (RLIN) |
33850 |
| 650 #0 - PUNTO DE ACCESO ADICIONAL DE MATERIA--TÉRMINO DE MATERIA |
| Término de materia o nombre geográfico como elemento de entrada |
Corporate culture. |
| 9 (RLIN) |
33851 |
| 830 #0 - PUNTO DE ACCESO ADICIONAL DE SERIE-TÍTULO UNIFORME |
| Título uniforme |
The Irwin series in management and the behavioral sciences |
| 9 (RLIN) |
33852 |
| 910 ## - DATOS DE OPCIÓN DEL USUARIO (OCLC) |
| Datos de opción del usuario |
Catalogación por copia / LC |